| 000 | 00000nam##2200000za#4500 |
| 001 | 9.620806 |
| 003 | CaOODSP |
| 005 | 20240212134142 |
| 007 | ta |
| 008 | 150406|1993||||xxc||||| f|0| 0 fre|d |
| 020 | |a0-662-98157-X |
| 022 | |a1713-0646 |
| 040 | |aCaOODSP|bfre |
| 043 | |an-cn--- |
| 086 | 1 |aNE22-1/1993-5F |
| 110 | 1 |aCanada. |bOffice national de l'énergie. |
| 245 | 13|aLa Régie de l'hydro-électricité du Manitoba : |bdemande présentée en date du 27 août 1991 en vue d'obtenir des permits autorisant l'exportation de puissance et d'énergie garantie à court terme et l'exportation d'énergie interruptible |
| 260 | |aCalgary - Alberta : |bOffice national de l'énergie |cFévrier 1993. |
| 300 | |a35p. : |bfigure, références ; |c28 cm. |
| 490 | 1 |aMotifs de décision|x1713-0646 |
| 563 | |aCouverture souple |
| 691 | 07|aIndustrie pétrolière|2gcpds |
| 775 | 08|tIn the matter of: The Manitoba Hydro-Electric Board : |w(CaOODSP)9.608738 |
| 776 | 0#|tMotifs de décision, La Régie de l'hydro-électricité du Manitoba : |w(CaOODSP)9.602766 |
| 830 | #0|aMotifs de décision (Canada. Office national de l'énergie)|x1713-0646|w(CaOODSP)9.513162 |
| 986 | |aEHW-1-92 |